| 000 | 00694nam a22001937a 4500 | ||
|---|---|---|---|
| 005 | 2010080402382.0 | ||
| 010 | _aENG-98013 | ||
| 020 |
_a9788178128030 _c80.00 |
||
| 035 | _aEN-81546 | ||
| 037 | _bDBAD/PUB | ||
| 082 | _a000 | ||
| 100 |
_aGupta's, R. _97144 |
||
| 245 |
_aMES military engineer services L.D.C. stenographer : _brecruitment exam _cby R. Gupta's |
||
| 260 |
_aNew Delhi _bRamesh Publishing House _c2010 |
||
| 270 |
_a12-H, New Daryaganj Road, Opp. Traffic Kotwali _bNew Delhi _e110002 |
||
| 300 |
_aviii, 40p. _c21cm (pbk) |
||
| 942 |
_2ddc _cEN _h000 _mGUP |
||
| 999 |
_c39143 _d39143 |
||